El hallazgo del pasado (Record no. 189094)

MARC details
000 -LEADER
campo de control de longitud fija 00905nam a2200181 i 4500
001 - NÚMERO DE CONTROL
campo de control 189094
003 - IDENTIFICADOR DE NÚMERO DE CONTROL
campo de control ES-MaACL
005 - FECHA Y HORA DE LA ÚLTIMA TRANSACCIÓN
campo de control 20230906223357.0
008 - DATOS DE LONGITUD FIJA--INFORMACIÓN GENERAL
campo de control de longitud fija 190329s2017 sp a |||| | spa d
245 03 - MENCIÓN DEL TÍTULO
Título El hallazgo del pasado
Resto del título : Alfonso el Sabio y la Estoria de España : catálogo [de la] Exposición en la Biblioteca de Menéndez Pelayo para la presentación de la edición digital de la Universidad de Birmingham con motivo del próximo 750º aniversario del "taller historiográfico alfonsí", Santander, de 3 de febrero a 6 de abril de 2017.
260 ## - PUBLICACIÓN, DISTRIBUCIÓN, ETC.
Lugar de publicación, distribución, etc. Santander :
Nombre del editor, distribuidor, etc. Biblioteca de Menéndez Pelayo,
Fecha de publicación, distribución, etc. 2017.
300 ## - DESCRIPCIÓN FÍSICA
Extensión 40 p. :
Otras características físicas il. col. ;
Dimensiones 24 cm.
600 14 - PUNTO DE ACCESO ADICIONAL DE MATERIA--NOMBRE DE PERSONA
Nombre de persona Alfonso
Numeración X
Títulos y otros términos asociados al nombre Rey de Castilla.
Título de la obra Estoria de España-
Subdivisión de forma Exposiciones.
9 (RLIN) 166743
655 #7 - TERMINO DE INDIZACIÓN--GENERO/FORMA
Fuente del término tgfbne
9 (RLIN) 193628
Datos o término principal de género/forma Catálogos de exposiciones
852 ## - LOCALIZACIÓN
Ubicación ES-MaACL
Número de control de estantería 2339-F-14
942 ## - ELEMENTOS DE ENTRADA SECUNDARIOS (KOHA)
Fuente del sistema de clasificación o colocación Clasificación decimal universal
Holdings
Estatus retirado Estado de pérdida Estado de daño No para préstamo Colección Biblioteca de origen Biblioteca actual Ubicación en estantería Fecha de adquisición Fuente de adquisición Total de préstamos Signatura topográfica completa Código de barras Visto por última vez Precio de reemplazo Tipo de ítem Koha
        Colección de folletos Biblioteca del Ateneo de Madrid Biblioteca del Ateneo de Madrid Depósito folletos 01/04/2019     2339-F-14 1200283 23/02/2023 23/02/2023 Folleto